Bundesliga-Gründungsmitglieder - Statistiken

Allgemein
  • Dieses Quiz wurde 1.396 mal gespielt
  • Das Durchschnittsergebnis liegt bei 12 aus 16
Antwortstatistiken
Hint Antwort % Korrekt
4 Borussia Dortmund
94%
1 1.FC Köln
91%
6 Hamburger SV
88%
10 Werder Bremen
87%
7 TSV 1860 München
86%
8 FC Schalke 04
84%
14 Hertha BSC
84%
5 VfB Stuttgart
81%
9 1.FC Nürnberg
77%
3 Eintracht Frankfurt
76%
12 1.FC Kaiserslautern
73%
11 Eintracht Braunschweig
64%
16 1.FC Saarbrücken
58%
13 Karlsruher SC
54%
15 Preußen Münster
53%
2 Meidericher SV
37%
Keine übereinstimmenden Quizze gefunden
Verteilung der Resultate
Anzahl Personen mit jedem Resultat
Perzentil nach korrekt beantworteten Fragen
Ihre Resultats-Entwicklung
Sie haben dieses Quiz noch nicht gespielt